Stärkste Länder 2026 - Statistiken

Allgemein
  • Dieses Quiz wurde 58 mal gespielt
  • Das Durchschnittsergebnis liegt bei 22 aus 30
Antwortstatistiken
Rang FPI Land % Korrekt
3 (=) 0.0919 China
100%
2 (=) 0.0791 Russland
100%
1 (=) 0.0741 Vereinigte Staaten
100%
12 (+2) 0.2463 Deutschland
98%
6 (+1) 0.1798 Frankreich
96%
4 (=) 0.1346 Indien
96%
28 (=) 0.5269 Kanada
94%
8 (-2) 0.1881 Vereinigtes Königreich
92%
16 (=) 0.3199 Iran
90%
18 (-1) 0.3247 Spanien
88%
20 (=) 0.3691 Ukraine
84%
11 (=) 0.2374 Brasilien
82%
15 (=) 0.2707 Israel
80%
14 (-2) 0.2626 Pakistan
80%
21 (=) 0.3891 Polen
80%
10 (=) 0.2211 Italien
78%
7 (+1) 0.1876 Japan
78%
5 (=) 0.1642 Südkorea
78%
17 (+1) 0.3208 Australien
67%
9 (=) 0.1975 Türkei
67%
19 (=) 0.3651 Ägypten
61%
25 (-1) 0.4473 Saudi-Arabien
59%
26 (+1) 0.4834 Schweden
59%
13 (=) 0.2582 Indonesien
53%
24 (+1) 0.4458 Thailand
51%
23 (=) 0.4066 Vietnam
47%
27 (-1) 0.4849 Algerien
39%
30 (=) 0.5484 Griechenland
35%
22 (=) 0.3927 Taiwan
35%
29 (=) 0.5272 Singapur
8%
Keine übereinstimmenden Quizze gefunden
Verteilung der Resultate
Anzahl Personen mit jedem Resultat
Perzentil nach korrekt beantworteten Fragen
Ihre Resultats-Entwicklung
Sie haben dieses Quiz noch nicht gespielt